000
00300nam a22001217a 4500
999
_c
534332
_d
534332
040
_c
MSOHAIL
082
_a
891.4396
100
_a
Moulana Sayed Suleman Nadvi
_9
28474
245
_a
Makatib-e Shibli - 01
260
_a
Islamabad
_b
National Book Foundation
_c
c1989
300
_a
329;p
942
_2
ddc
_c
BK